[Event "41st Olympiad Women 2014"]
[Site "Tromso NOR"]
[Date "2014.08.14"]
[Round "11.25"]
[Board "4"]
[White "Wafa, Shahenda"]
[Black "Machlik, Edit"]
[Result "1-0"]
[WhiteTitle "WIM"]
[WhiteElo "1932"]
[BlackElo "1950"]
[WhiteTeam "Egypt"]
[BlackTeam "Norway 2"]
[WhiteFideId "10609962"]
[BlackFideId "1513591"]
[EventDate "2014.08.02"]

1. e4 c5 2. Nf3 a6 3. c3 d5 4. exd5 Nf6 5. d4 cxd4 6. Qa4+ Qd7 7. Qxd7+ Nbxd7 8.
c4 b5 9. cxb5 Nxd5 10. Nxd4 Nb4 11. Na3 e5 12. Ndc2 a5 13. Be2 Nb6 14. O-O Be6
15. b3 a4 16. Nxb4 Bxb4 17. Bf3 Rb8 18. Bc6+ Ke7 19. Nc2 Bc3 20. Ba3+ Kf6 21.
Rad1 axb3 22. axb3 Bxb3 23. Rd6+ Be6 24. Rd3 Ba5 25. Rf3+ Kg6 26. Rg3+ Kf6 27.
f4 Nc4 28. fxe5+ Kxe5 29. Be7 Bf5 30. Nb4 Ke6 31. Re1+ Ne5 32. Bc5 g6 33. Bd5+
Kf6 34. Bd4 Bb6 35. Bxb6 Rxb6 36. Nc6 Nd3 37. Rf1 Ne5 38. Nxe5 Kxe5 39. Bc6 Be6
40. Re3+ Kd6 41. Rd1+ Ke7 42. Ra1 Rd8 43. Ra7+ Kf6 44. Rea3 Bc4 45. R7a6 Rdb8
46. R3a4 Bd3 47. Kf2 Ke5 48. Rxb6 Rxb6 49. Rb4 f5 50. Ke3 Bf1 51. h4 h6 52. g3
g5 53. h5 Ke6 54. Rb1 Bh3 55. Bf3 Ke5 56. Kd3 g4 57. Bc6 f4 58. Re1+ Kf5 59.
gxf4 Kxf4 60. Kd4 g3 61. Re4+ Kg5 62. Re8 Bf1 63. Kc5 Rxb5+ 64. Bxb5 g2 65. Rg8+
Kxh5 66. Bc6 Kh4 67. Bxg2 Bxg2 68. Rxg2 Kh3 69. Rg8 h5 70. Kd4 h4 71. Ke3 Kh2
72. Kf3 h3 73. Rh8 1-0

[Event "41st Olympiad Women 2014"]
[Site "Tromso NOR"]
[Date "2014.08.14"]
[Round "11.26"]
[Board "1"]
[White "Camacho, Chardine Cheradee"]
[Black "Goossens, Hanne"]
[Result "0-1"]
[WhiteTitle "WIM"]
[BlackTitle "WFM"]
[WhiteElo "2214"]
[BlackElo "2178"]
[WhiteTeam "Philippines"]
[BlackTeam "Belgium"]
[WhiteFideId "5201829"]
[BlackFideId "200468"]
[EventDate "2014.08.02"]

1. e4 c5 2. Nf3 d6 3. d4 cxd4 4. Nxd4 Nf6 5. Nc3 g6 6. Be3 Bg7 7. f3 O-O 8. Qd2
Nc6 9. Bc4 Bd7 10. O-O-O Rc8 11. Bb3 Ne5 12. Kb1 a6 13. h4 h5 14. Bh6 Nc4 15.
Bxc4 Rxc4 16. Bxg7 Kxg7 17. Nd5 e5 18. Nb3 Nxd5 19. Qxd5 Rc6 20. Na5 Rb6 21. Nc4
Be6 22. Qd3 Bxc4 23. Qxc4 Rc6 24. Qd3 Qf6 25. g3 Rfc8 26. Rd2 Qe6 27. Rf1 Re8
28. Qd5 Qxd5 29. Rxd5 Kf6 30. Rfd1 Ke6 31. f4 f5 32. exf5+ gxf5 33. fxe5 dxe5
34. Rxe5+ Kxe5 35. Re1+ Kd5 36. Rxe8 Rg6 37. c4+ Kd4 38. Rh8 Rxg3 39. Rxh5 f4
40. Rf5 f3 41. Rf8 Ke3 42. Re8+ Kf2 43. h5 Kg2 44. h6 f2 0-1

[Event "41st Olympiad Women 2014"]
[Site "Tromso NOR"]
[Date "2014.08.14"]
[Round "11.26"]
[Board "2"]
[White "Morozova, Iuliia"]
[Black "Frayna, Janelle Mae"]
[Result "1-0"]
[WhiteTitle "WFM"]
[BlackTitle "WFM"]
[WhiteElo "2060"]
[BlackElo "2205"]
[WhiteTeam "Belgium"]
[BlackTeam "Philippines"]
[WhiteFideId "14104946"]
[BlackFideId "5212499"]
[EventDate "2014.08.02"]

1. d4 Nf6 2. Nf3 g6 3. c4 Bg7 4. Nc3 d5 5. e3 O-O 6. cxd5 Nxd5 7. Bc4 Nb6 8. Be2
Nc6 9. O-O e5 10. d5 Ne7 11. e4 Bd7 12. d6 cxd6 13. Qxd6 Be6 14. Rd1 Qxd6 15.
Rxd6 Rfd8 16. Rxd8+ Rxd8 17. Be3 Nec8 18. b3 f6 19. Rc1 Bf8 20. Nb5 a6 21. Nc7
Bf7 22. Nd2 Bd6 23. Bg4 h5 24. Bh3 Ba3 25. Rc2 Bb4 26. Kf1 Ne7 27. Bxb6 Rxd2 28.
Rxd2 Bxd2 29. Bc5 Nc6 30. Bc8 Ba5 31. Nd5 b6 32. Nxb6 Bb4 33. Bxb4 Nxb4 34. a3
Nc2 35. Bxa6 Nxa3 36. Bc4 Nc2 37. Nd5 Kg7 38. Ke2 f5 39. Kd2 Nd4 40. Kd3 Ne6 41.
b4 h4 42. g3 hxg3 43. hxg3 Ng5 44. exf5 gxf5 45. Ne3 f4 46. Ng4 e4+ 47. Kc3 Bxc4
48. Kxc4 e3 49. Nxe3 fxe3 50. fxe3 Ne4 51. b5 Kf6 52. b6 Ke5 53. g4 Kd6 54. Kb5
Kd7 55. Ka6 Nc5+ 56. Ka7 Kc6 57. g5 Nd7 58. b7 Kd6 59. b8=Q+ Nxb8 60. Kxb8 Ke5
61. Kc7 Kf5 62. Kd6 Kxg5 63. e4 Kf6 64. e5+ Kf7 65. Kd7 1-0

[Event "41st Olympiad Women 2014"]
[Site "Tromso NOR"]
[Date "2014.08.14"]
[Round "11.26"]
[Board "3"]
[White "Fronda, Jan Jodilyn"]
[Black "Barbier, Wiebke"]
[Result "0-1"]
[WhiteElo "2098"]
[BlackElo "1944"]
[WhiteTeam "Philippines"]
[BlackTeam "Belgium"]
[WhiteFideId "5204585"]
[BlackFideId "207977"]
[EventDate "2014.08.02"]

1. e4 d6 2. d4 Nf6 3. Nc3 e5 4. dxe5 dxe5 5. Qxd8+ Kxd8 6. Nf3 Bd6 7. Bc4 Ke8 8.
Bg5 Nbd7 9. O-O-O a6 10. Nh4 Nb6 11. Bb3 Ng4 12. h3 Nxf2 13. Rxd6 f6 14. Rf1
fxg5 15. Rxb6 gxh4 16. Rxf2 cxb6 17. Nd5 Rb8 18. Nxb6 g5 19. Rf7 h6 20. Bc4 g4
21. hxg4 Bxg4 22. Rg7 h5 23. Nd5 b5 24. Nf6+ Kd8 25. Bd5 h3 26. gxh3 Bxh3 27.
Rg3 Rb6 28. Rd3 Rxf6 29. Be6+ Kc7 30. Bxh3 Rf4 31. Rd7+ Kb6 32. Rd6+ Kc7 33.
Rd7+ Kc6 34. Re7 Rxe4 35. Bg2 Kd6 36. Ra7 Rg4 37. Rxa6+ Ke7 38. Bh3 Rg3 39. Bf5
Rd8 40. Re6+ Kf7 41. b3 Rf3 42. Rxe5 Kf6 43. Rxb5 Rxf5 44. Rb7 Rh8 45. Rd7 h4
46. Rd2 h3 47. Rh2 Rg5 48. a4 Rg2 49. Rxh3 Rxh3 50. a5 Rhh2 0-1

[Event "41st Olympiad Women 2014"]
[Site "Tromso NOR"]
[Date "2014.08.14"]
[Round "11.26"]
[Board "4"]
[White "Dierckens, Sarah"]
[Black "Bernales, Christy Lamiel"]
[Result "0-1"]
[WhiteElo "1873"]
[BlackElo "2055"]
[WhiteTeam "Belgium"]
[BlackTeam "Philippines"]
[WhiteFideId "205745"]
[BlackFideId "5204534"]
[EventDate "2014.08.02"]

1. e4 e6 2. d4 d5 3. Nc3 Nf6 4. Bg5 Be7 5. e5 Nfd7 6. h4 h6 7. Bxe7 Qxe7 8. Qg4
O-O 9. O-O-O c5 10. f4 Nc6 11. Nf3 cxd4 12. Nb5 Nc5 13. Nfxd4 Ne4 14. Qf3 f6 15.
exf6 Qxf6 16. Ne2 Bd7 17. c4 Nb4 18. cxd5 Rac8+ 19. Kb1 Qf5 20. Ka1 Nc2+ 21. Kb1
Nd2+ 22. Rxd2 Na3+ 0-1

[Event "41st Olympiad Women 2014"]
[Site "Tromso NOR"]
[Date "2014.08.14"]
[Round "11.27"]
[Board "1"]
[White "Houska, Jovanka"]
[Black "Richmond, Jane"]
[Result "1-0"]
[WhiteTitle "IM"]
[BlackTitle "WFM"]
[WhiteElo "2401"]
[BlackElo "2085"]
[WhiteTeam "England"]
[BlackTeam "Wales"]
[WhiteFideId "405094"]
[BlackFideId "1800183"]
[EventDate "2014.08.02"]

1. d4 Nf6 2. Nf3 e6 3. c4 Nc6 4. a3 d6 5. g3 g6 6. Bg2 Bg7 7. Nc3 O-O 8. O-O e5
9. dxe5 dxe5 10. Bg5 Qxd1 11. Rfxd1 Bg4 12. Rac1 Rac8 13. Kf1 Rfe8 14. b4 a5 15.
b5 Nd8 16. Nd2 h6 17. Bxf6 Bxf6 18. Nd5 Bg7 19. Ne4 Kf8 20. Ndf6 Bf5 21. Nxe8
Kxe8 22. c5 Ne6 23. Nd2 Nd4 24. Bxb7 Rb8 25. Be4 Bg4 26. Nf3 f5 27. Bd5 Bxf3 28.
exf3 Ke7 29. a4 g5 30. g4 f4 31. Be4 Ke6 32. b6 cxb6 33. c6 Kd6 34. c7 Rc8 35.
Rc6+ Kd7 36. Rg6 Rg8 37. Rc1 1-0

[Event "41st Olympiad Women 2014"]
[Site "Tromso NOR"]
[Date "2014.08.14"]
[Round "11.27"]
[Board "2"]
[White "Smith, Olivia"]
[Black "Chevannes, Sabrina L"]
[Result "0-1"]
[WhiteTitle "WFM"]
[BlackTitle "WIM"]
[WhiteElo "1968"]
[BlackElo "2171"]
[WhiteTeam "Wales"]
[BlackTeam "England"]
[WhiteFideId "411850"]
[BlackFideId "411280"]
[EventDate "2014.08.02"]

1. e4 c6 2. Nc3 d5 3. Nf3 Bg4 4. h3 Bxf3 5. Qxf3 e6 6. d3 Qb6 7. a3 Ne7 8. g4
Ng6 9. h4 Ne5 10. Qg3 Bd6 11. f4 Ned7 12. Bg2 Na6 13. e5 Bc7 14. b4 Nab8 15. Bd2
a5 16. Rb1 axb4 17. axb4 Ra3 18. b5 Qc5 19. bxc6 Rxc3 20. cxd7+ Nxd7 21. Bxc3
Qxc3+ 22. Kd1 O-O 23. Qe1 Qc6 24. Qd2 Ra8 25. Rh3 Ra2 26. d4 Ba5 27. Qf2 Nb6 28.
Rhb3 Na4 29. Rxb7 h6 30. Rb8+ Kh7 31. R8b3 Nc3+ 32. Rxc3 Qxc3 33. Rc1 Ra4 34.
Ke2 Qd2+ 0-1

[Event "41st Olympiad Women 2014"]
[Site "Tromso NOR"]
[Date "2014.08.14"]
[Round "11.27"]
[Board "3"]
[White "Kalaiyalahan, Akshaya"]
[Black "Blackburn, Suzie G."]
[Result "1/2-1/2"]
[BlackTitle "WFM"]
[WhiteElo "2016"]
[BlackElo "1971"]
[WhiteTeam "England"]
[BlackTeam "Wales"]
[WhiteFideId "422894"]
[BlackFideId "414930"]
[EventDate "2014.08.02"]

1. d4 Nf6 2. Nf3 e6 3. g3 b6 4. Bg2 Bb7 5. c4 Bb4+ 6. Bd2 Bxd2+ 7. Nbxd2 d6 8.
O-O O-O 9. Qc2 Nbd7 10. e4 e5 11. d5 a5 12. b3 Nc5 13. a3 a4 14. b4 Nb3 15. Nxb3
axb3 16. Qd3 b2 17. Ra2 Qd7 18. Rxb2 Ra4 19. Nd2 Rfa8 20. Rb3 Qg4 21. Rc1 Bc8
22. Qe3 Qh5 23. f3 Bh3 24. Nb1 Bxg2 25. Kxg2 Nd7 26. Rc2 f5 27. exf5 Qxf5 28.
Ra2 Rf8 29. Nc3 Raa8 30. Ne4 Nf6 31. Rf2 h6 32. Nxf6+ Rxf6 33. Qe4 Qd7 34. Rc3
Qf7 35. f4 exf4 36. Rxf4 Rxf4 37. Qxf4 Qg6 38. Rf3 Re8 39. Rf2 Kh7 40. Qf5 Qxf5
41. Rxf5 Re2+ 42. Kf3 Rc2 43. Rf4 Kg6 44. Rg4+ Kf7 45. Rf4+ Kg8 46. h4 Rc3+ 47.
Kg4 Rxa3 48. b5 Rc3 49. h5 Re3 50. Kh4 Re1 51. Kg4 Re3 52. Kh4 Re1 53. Kg4 1/2-1/2

[Event "41st Olympiad Women 2014"]
[Site "Tromso NOR"]
[Date "2014.08.14"]
[Round "11.27"]
[Board "4"]
[White "Roberts, Lynda"]
[Black "James, Ann-Marie"]
[Result "1/2-1/2"]
[WhiteTitle "WCM"]
[BlackTitle "WFM"]
[WhiteElo "1920"]
[BlackElo "2095"]
[WhiteTeam "Wales"]
[BlackTeam "England"]
[WhiteFideId "1800191"]
[BlackFideId "403644"]
[EventDate "2014.08.02"]

1. e4 e5 2. Nf3 Nc6 3. Bb5 a6 4. Bxc6 dxc6 5. d4 exd4 6. Qxd4 Qxd4 7. Nxd4 Bd7
8. Be3 Nf6 9. f3 O-O-O 10. Nd2 h6 11. O-O-O g5 12. g4 Re8 13. h4 Rg8 14. Nf1
Nxg4 15. fxg4 Bxg4 16. Re1 Rxe4 17. Nd2 Re8 18. hxg5 h5 19. Rhf1 Be7 20. Bf4 Kd7
21. Ne4 c5 22. Nf3 Bxf3 23. Rxf3 Kc6 24. Rfe3 Bd6 25. Nxd6 Rxe3 26. Rxe3 cxd6
27. Rh3 f6 28. Rxh5 fxg5 29. Rxg5 Rf8 30. Be3 Re8 31. Kd2 Re6 32. Rh5 Rg6 33.
Rh6 Rg2+ 34. Kd3 Rg4 35. Rf6 Kd7 36. Rf4 Rg6 37. Rf5 Kc6 38. Bg5 Rg8 39. c4 Rg6
40. Kc3 Re6 41. b4 cxb4+ 42. Kxb4 Re1 43. Bd2 Rb1+ 44. Kc3 Ra1 45. Kb2 Rg1 46.
Bb4 Rg2+ 47. Kb3 Rg3+ 48. Ka4 Rg4 49. Kb3 Rg3+ 50. Ka4 Rg4 51. Kb3 1/2-1/2

[Event "41st Olympiad Women 2014"]
[Site "Tromso NOR"]
[Date "2014.08.14"]
[Round "11.28"]
[Board "1"]
[White "Baciu, Diana"]
[Black "Feliciano Ebert, Vanessa"]
[Result "1/2-1/2"]
[WhiteTitle "WIM"]
[BlackTitle "WIM"]
[WhiteElo "2294"]
[BlackElo "2226"]
[WhiteTeam "Moldova"]
[BlackTeam "Brazil"]
[WhiteFideId "13903284"]
[BlackFideId "2114160"]
[EventDate "2014.08.02"]

1. e4 c5 2. Nf3 Nc6 3. Bb5 g6 4. Bxc6 bxc6 5. O-O Bg7 6. Re1 Rb8 7. c3 Nf6 8.
Qc2 O-O 9. d4 cxd4 10. cxd4 Qb6 11. Nc3 d6 12. h3 Ba6 13. b3 Nd7 14. Bg5 Rfe8
15. Rac1 Rbc8 16. e5 Nf8 17. exd6 exd6 18. Rxe8 Rxe8 19. Na4 Qb8 20. Qxc6 Bb7
21. Qc3 Ne6 22. Be3 Rc8 23. Qb4 Rxc1+ 24. Bxc1 Qc7 25. Be3 Bxf3 26. gxf3 Bxd4
27. Bxd4 Qc1+ 28. Kg2 Qg5+ 29. Kf1 Qc1+ 30. Kg2 Qg5+ 1/2-1/2

[Event "41st Olympiad Women 2014"]
[Site "Tromso NOR"]
[Date "2014.08.14"]
[Round "11.28"]
[Board "2"]
[White "Terao, Juliana Sayumi"]
[Black "Petrenko, Svetlana"]
[Result "1/2-1/2"]
[WhiteTitle "WIM"]
[BlackTitle "IM"]
[WhiteElo "2222"]
[BlackElo "2205"]
[WhiteTeam "Brazil"]
[BlackTeam "Moldova"]
[WhiteFideId "2109220"]
[BlackFideId "13900196"]
[EventDate "2014.08.02"]

1. e4 c5 2. c3 Nf6 3. e5 Nd5 4. Bc4 Nb6 5. Bb3 d6 6. exd6 Qxd6 7. Nf3 c4 8. Bc2
Qe6+ 9. Qe2 Qxe2+ 10. Kxe2 Nc6 11. h3 e5 12. b3 f6 13. Re1 Be6 14. d3 cxd3+ 15.
Bxd3 Kf7 16. Kf1 Rd8 17. Be4 Bd5 18. Nbd2 Be7 19. Bb2 g5 20. c4 Be6 21. Bxc6
bxc6 22. Ne4 g4 23. Neg5+ fxg5 24. Nxe5+ Ke8 25. Nxc6 Kd7 26. Rad1+ Bd6 27. Nxd8
Rxd8 28. c5 Nd5 29. cxd6 gxh3 30. gxh3 Kxd6 31. Kg1 Ke7 32. Be5 Kf7 33. Rd3 Bf5
34. Rf3 Kg6 35. Rc1 Nb4 36. Rc7 Rd1+ 37. Kh2 Be4 38. Rf6+ Kh5 39. f3 Bg6 40.
Rxa7 Rd2+ 41. Kg3 Nc2 42. Rd6 Re2 43. Bd4 Ne1 44. Bf2 Nd3 45. Rxd3 Bxd3 46. b4
Rb2 47. a3 Kg6 48. Bd4 Rb3 49. Kf2 h5 50. Bc5 Bc4 51. a4 Bd5 52. Rd7 Bxf3 53. b5
Be4 54. Be3 Rb4 55. Rd4 Rb2+ 56. Rd2 Rb4 57. Rd4 Rb2+ 58. Rd2 Rb4 1/2-1/2

[Event "41st Olympiad Women 2014"]
[Site "Tromso NOR"]
[Date "2014.08.14"]
[Round "11.28"]
[Board "3"]
[White "Partac, Elena"]
[Black "Chaves, Joara"]
[Result "0-1"]
[WhiteTitle "WGM"]
[BlackTitle "WIM"]
[WhiteElo "2127"]
[BlackElo "2026"]
[WhiteTeam "Moldova"]
[BlackTeam "Brazil"]
[WhiteFideId "13901001"]
[BlackFideId "2100622"]
[EventDate "2014.08.02"]

1. e4 e5 2. Nf3 Nc6 3. d4 exd4 4. Bc4 Bc5 5. c3 Nf6 6. e5 d5 7. Bb5 Ne4 8. cxd4
Bb6 9. Nc3 Nxc3 10. bxc3 Bg4 11. a4 Ba5 12. Qd3 a6 13. Bxc6+ bxc6 14. Ba3 Qd7
15. O-O Qf5 16. Qe3 Bxf3 17. gxf3 Rb8 18. Bc5 Rb3 19. Ra3 Rb2 20. Qc1 Rc2 21.
Qe3 Kd7 22. Rb3 Re8 23. Kh1 Re6 24. Rg1 Rg6 25. Rxg6 Qxg6 26. Bb4 Ra2 27. Qe1
Qc2 28. Rb1 Bxb4 29. cxb4 Qxa4 30. Qf1 Qc2 31. Qh3+ Ke7 32. Rf1 Qd3 33. Qh4+ Ke8
34. Kg2 Qg6+ 35. Kh1 Qf5 36. Kg2 Ra4 37. Re1 Kd7 38. Rc1 Rxb4 39. Ra1 Qg6+ 40.
Kh1 Qf5 41. Kg2 h6 42. Rxa6 Qg5+ 43. Qxg5 hxg5 44. Ra8 Rxd4 45. Rg8 g6 46. Kg3
Rf4 47. Rf8 Rf5 48. f4 gxf4+ 49. Kg4 c5 50. h4 c4 51. Kf3 Kc6 52. Re8 c3 53. Ke2
Kd7 54. Rf8 d4 55. Kd3 c5 56. f3 Ke7 57. Rc8 Rxe5 58. Rc7+ Kf6 59. Rc6+ Kf5 60.
Kc2 Re2+ 61. Kd1 Re5 62. Kc2 f6 63. Rc8 g5 64. h5 g4 65. h6 Re2+ 66. Kd1 Rd2+
67. Kc1 Kg6 68. Rg8+ Kxh6 69. Rxg4 Rf2 70. Rxf4 Kg5 71. Rg4+ Kf5 72. Rh4 d3 73.
Rh1 Kf4 74. Rd1 c4 75. Rh1 Kxf3 76. Kd1 Kg2 0-1

[Event "41st Olympiad Women 2014"]
[Site "Tromso NOR"]
[Date "2014.08.14"]
[Round "11.28"]
[Board "4"]
[White "Chang, Suzana"]
[Black "Hincu, Olga"]
[Result "1/2-1/2"]
[WhiteTitle "WFM"]
[WhiteElo "1991"]
[BlackElo "2027"]
[WhiteTeam "Brazil"]
[BlackTeam "Moldova"]
[WhiteFideId "2105985"]
[BlackFideId "13904108"]
[EventDate "2014.08.02"]

1. e4 e6 2. d4 d5 3. Nc3 Nf6 4. Bg5 dxe4 5. Nxe4 Nbd7 6. Nf3 h6 7. Nxf6+ Nxf6 8.
Bh4 Be7 9. Bd3 O-O 10. O-O c5 11. dxc5 Qa5 12. Nd2 Qxc5 13. Bxf6 Bxf6 14. Ne4
Qe7 15. c3 Rd8 16. Qe2 Bd7 17. Nxf6+ Qxf6 18. Be4 Rab8 19. Rad1 e5 20. Bd5 Be6
21. Qc4 b5 22. Qb3 Bf5 23. Rd2 Qg6 24. Rfd1 Rd7 25. c4 a6 26. c5 b4 27. Qe3 Qf6
28. c6 Re7 29. Qc5 Rb5 30. Qc4 Be6 31. Be4 g6 32. Qd3 Bg4 33. f3 Bf5 34. Rc1
Bxe4 35. Qxe4 Qe6 36. Rdc2 Qxa2 37. Qh4 Qd5 38. Qf6 Qd4+ 39. Kh1 Rd5 40. h3 Qb6
41. Rc4 Rd8 42. Rc5 Rc8 43. Rxe5 Qd8 44. Ree1 1/2-1/2

[Event "41st Olympiad Women 2014"]
[Site "Tromso NOR"]
[Date "2014.08.14"]
[Round "11.29"]
[Board "2"]
[White "Antonova, Nadezhda"]
[Black "Cordero, Daniela"]
[Result "1-0"]
[WhiteTitle "WFM"]
[BlackTitle "WIM"]
[WhiteElo "2004"]
[BlackElo "2010"]
[WhiteTeam "Tajikistan"]
[BlackTeam "Bolivia"]
[WhiteFideId "14700182"]
[BlackFideId "3301630"]
[EventDate "2014.08.02"]

1. Nf3 d6 2. d4 Bg4 3. c4 c6 4. Nc3 Nf6 5. e4 Nbd7 6. Be2 e5 7. O-O Be7 8. Be3
O-O 9. Qc2 Bxf3 10. Bxf3 Ne8 11. Bg4 Ndf6 12. Bh3 a6 13. Rfd1 Qc7 14. dxe5 dxe5
15. c5 g6 16. g4 Qc8 17. Na4 Bd8 18. Rxd8 Qxd8 19. g5 Nh5 20. Nb6 Nf4 21. Bxf4
exf4 22. Nxa8 Qxa8 23. Rd1 Ng7 24. Qd2 Qe8 25. Qxf4 Nh5 26. Qe3 Qe5 27. Bg4 Nf4
28. h4 Re8 29. Rd7 Ne6 30. Bxe6 Qxe6 31. Rxb7 Qg4+ 32. Qg3 Qxe4 33. Rb8 Qe1+ 34.
Kg2 Qe4+ 35. Kh2 Rxb8 36. Qxb8+ Kg7 37. Kg3 Qd3+ 38. f3 Qb1 39. Qe5+ Kg8 40.
Qe8+ Kg7 41. Qe5+ Kg8 42. Qe8+ Kg7 43. Qxc6 Qe1+ 44. Kg4 Qb4+ 45. Kh3 Qc4 46.
Qf6+ Kg8 47. c6 Qf1+ 48. Kg3 Qe1+ 49. Kf4 Qc1+ 50. Ke4 Qc4+ 51. Ke3 Qc1+ 52. Kd3
Qd1+ 53. Kc4 Qc2+ 54. Kd5 Qd3+ 55. Kc5 Qe3+ 56. Kd6 Qd3+ 57. Kc7 Qb5 58. Kc8 a5
59. c7 Qc5 60. Kd7 Qb5+ 61. Qc6 Qf5+ 62. Kd8 Qd3+ 63. Qd7 a4 1-0

[Event "41st Olympiad Women 2014"]
[Site "Tromso NOR"]
[Date "2014.08.14"]
[Round "11.29"]
[Board "3"]
[White "Estrada, Lucia"]
[Black "Ilhom, Mootribai"]
[Result "1/2-1/2"]
[WhiteTitle "WIM"]
[WhiteElo "1974"]
[BlackElo "1698"]
[WhiteTeam "Bolivia"]
[BlackTeam "Tajikistan"]
[WhiteFideId "3301923"]
[BlackFideId "14700204"]
[EventDate "2014.08.02"]

1. d4 d5 2. Nf3 e6 3. e3 c5 4. b3 Nf6 5. Bb2 Nbd7 6. Bd3 Bd6 7. Ne5 cxd4 8. exd4
O-O 9. O-O Qc7 10. Re1 Re8 11. Nd2 Nf8 12. c4 dxc4 13. bxc4 b6 14. Rc1 Bb7 15.
c5 bxc5 16. dxc5 Be7 17. c6 Bc8 18. Qf3 Bb4 19. Re2 Nd5 20. Nb3 f6 21. Ng4 Qf4
22. Be4 Qxf3 23. Bxf3 Ba6 24. Rxe6 Nxe6 25. Bxd5 Kf8 26. Ne3 Nf4 27. Bc4 Bxc4
28. Rxc4 Nd5 29. Bd4 a5 30. g3 Nc7 31. Bb6 Nb5 32. Nd5 Nd6 33. Rc2 Nb5 34. Nxb4
axb4 35. Bc5+ Kf7 36. Bxb4 Rac8 37. a4 Nc7 38. Nd4 Re4 39. Nf5 Ne8 40. Nd6+ Nxd6
41. Bxd6 Rxa4 42. c7 Ke6 43. Bf4 g5 44. Rc6+ Kd7 45. Rd6+ Ke7 46. Rd8 Rxd8 47.
cxd8=Q+ Kxd8 48. Be3 Ke7 49. Kg2 Ke6 50. h3 h5 51. Kf3 Kf5 52. Ke2 Ra1 53. Kf3
Ke5 54. g4 h4 55. Kg2 Ke4 56. Bd2 Ra2 57. Be3 Re2 58. Bc1 Kd3 59. Kf1 Ra2 60.
Kg2 Ke4 61. Be3 Ra8 62. Bc1 Rg8 63. Bb2 Rg6 64. Bc1 f5 65. gxf5 Kxf5 66. Be3 Rc6
67. Bd2 Rc2 68. Be3 Rc3 69. Bd2 Rd3 70. Bc1 g4 71. hxg4+ Kxg4 72. Be3 Rb3 73.
Bd4 Rf3 74. Be3 Rf7 75. Bd4 h3+ 76. Kh2 1/2-1/2

[Event "41st Olympiad Women 2014"]
[Site "Tromso NOR"]
[Date "2014.08.14"]
[Round "11.29"]
[Board "4"]
[White "Odinaeva, Saodat"]
[Black "Coro, Soledad"]
[Result "1/2-1/2"]
[WhiteElo "1785"]
[BlackElo "1839"]
[WhiteTeam "Tajikistan"]
[BlackTeam "Bolivia"]
[WhiteFideId "14700255"]
[BlackFideId "3302385"]
[EventDate "2014.08.02"]

1. Nf3 c5 2. c4 Nf6 3. Nc3 g6 4. g3 Bg7 5. Bg2 O-O 6. O-O d6 7. b3 Nc6 8. Bb2 a6
9. a3 Rb8 10. a4 e5 11. d3 h6 12. Nd5 Nxd5 13. cxd5 Ne7 14. Nd2 g5 15. e4 Ng6
16. Nc4 a5 17. Ne3 Ne7 18. Bc3 b6 19. Ra2 Ng6 20. Ba1 Rb7 21. Nf5 Qf6 22. Ne3
Qd8 23. Qe2 Kh7 24. Nf5 Qf6 25. Ne3 Qd8 26. Nf5 Qf6 27. Ne3 Qd8 28. Nf5 Qf6 29.
Ne3 Qd8 30. Nf5 Qf6 1/2-1/2

[Event "41st Olympiad Women 2014"]
[Site "Tromso NOR"]
[Date "2014.08.14"]
[Round "11.30"]
[Board "1"]
[White "Vargas, Gabriela"]
[Black "Gamboa Alvarado, Olga Leticia"]
[Result "1-0"]
[WhiteTitle "WFM"]
[BlackTitle "WFM"]
[WhiteElo "2112"]
[BlackElo "1899"]
[WhiteTeam "Paraguay"]
[BlackTeam "Costa Rica"]
[WhiteFideId "3700860"]
[BlackFideId "6502270"]
[EventDate "2014.08.02"]

1. d4 Nf6 2. c4 e6 3. Nc3 Bb4 4. Qc2 b6 5. a3 Bxc3+ 6. Qxc3 Bb7 7. Nf3 Na6 8. b4
h6 9. g3 Rc8 10. Bg2 c5 11. dxc5 d6 12. O-O dxc5 13. b5 Nb8 14. Bb2 Nbd7 15.
Rfd1 Qc7 16. Rd3 O-O 17. Rad1 Rcd8 18. Bf1 Rfe8 19. Ne5 Nxe5 20. Qxe5 Qxe5 21.
Bxe5 Rxd3 22. Rxd3 Re7 23. Rd8+ Kh7 24. f3 Ne8 25. Bb8 a6 26. a4 axb5 27. axb5
Ba8 28. Be5 Bb7 29. Bd6 Nxd6 30. Rxd6 Kg6 31. Rxb6 Kf5 32. Rd6 Ke5 33. Rd8 f5
34. f4+ Kf6 35. Bg2 Bxg2 36. Kxg2 Rc7 37. Rb8 Kf7 38. Kf3 Kg6 39. g4 Kh7 40.
gxf5 exf5 41. e4 fxe4+ 42. Kxe4 Kg6 43. b6 Rf7 44. b7 Kh5 1-0

[Event "41st Olympiad Women 2014"]
[Site "Tromso NOR"]
[Date "2014.08.14"]
[Round "11.30"]
[Board "2"]
[White "Rodriguez Arrieta, Maria Elena"]
[Black "Perez Rodriguez, Jennifer"]
[Result "0-1"]
[WhiteTitle "WFM"]
[BlackTitle "WIM"]
[WhiteElo "1920"]
[BlackElo "2211"]
[WhiteTeam "Costa Rica"]
[BlackTeam "Paraguay"]
[WhiteFideId "6502911"]
[BlackFideId "3507831"]
[EventDate "2014.08.02"]

1. e4 e5 2. Nf3 Nc6 3. Bc4 Nf6 4. Ng5 d5 5. exd5 b5 6. Bf1 Nd4 7. c3 Nxd5 8.
cxd4 Qxg5 9. Bxb5+ Kd8 10. Qf3 Bb7 11. Nc3 exd4 12. d3 Qe5+ 13. Ne2 Nc3 14. Bf4
Qxb5 15. Bxc7+ Kxc7 16. Qxf7+ Qd7 17. Qc4+ Kd8 18. bxc3 Rc8 19. Qb3 Bd6 20. O-O
Qc6 21. f3 dxc3 22. Rac1 c2 23. Kh1 Qd5 24. Rxc2 Qxb3 25. Rxc8+ Kxc8 26. axb3
Bd5 27. Nd4 Kd7 28. g3 Rb8 0-1

[Event "41st Olympiad Women 2014"]
[Site "Tromso NOR"]
[Date "2014.08.14"]
[Round "11.30"]
[Board "3"]
[White "Perez, Dalila"]
[Black "Acevedo Mendez, Lisseth"]
[Result "1-0"]
[WhiteElo "1791"]
[BlackElo "1846"]
[WhiteTeam "Paraguay"]
[BlackTeam "Costa Rica"]
[WhiteFideId "3702014"]
[BlackFideId "6502938"]
[EventDate "2014.08.02"]

1. d4 e6 2. c4 f5 3. Nc3 Nf6 4. Bf4 Be7 5. Qc2 O-O 6. e3 b6 7. Bd3 Bb7 8. f3 d6
9. Nge2 Nbd7 10. O-O a6 11. Bg3 Qe8 12. Qb3 Qf7 13. Rae1 Nh5 14. c5 Nxg3 15.
Nxg3 dxc5 16. Bc4 Kh8 17. Bxe6 Qe8 18. Nxf5 Bf6 19. d5 Ne5 20. Ne4 c4 21. Qc2
Qb5 22. a4 Qb4 23. Rb1 Rad8 24. b3 Bxd5 25. Bxd5 Rxd5 26. Nxf6 Rxf6 27. Qe4 c6
28. f4 Ng6 29. bxc4 Qxa4 30. Ne7 Rc5 31. Nxg6+ hxg6 32. Qe8+ Kh7 33. Rxb6 Qxc4
34. Rb8 g5 35. Qh8+ Kg6 36. Rg8 Rf7 37. Rd8 Qe6 38. Re8 Qg4 39. h3 Qd7 40. Rd8
Qe6 41. Rf3 a5 42. Rg3 a4 43. Re8 Qb3 44. Kh2 Ra7 45. Qf8 Qc4 46. Qd6+ Kh7 47.
fxg5 Rd5 48. g6+ 1-0